[Event "DEM U12 2025"]
[Site "Willingen GER"]
[Date "2025.06.12"]
[Round "7"]
[White "Aliyev, Amil"]
[Black "Poladli, Firuz"]
[Result "0-1"]
[Termination "normal"]
[Board "30"]
[WhiteElo "1664"]
[BlackElo "1584"]
[WhiteClock "00:14:53"]
[BlackClock "00:52:19"]
[PlyCount "88"]
[WhiteFideId "34687270"]
[BlackFideId "13471236"]
[EventCountry "GER"]
[EventRounds "9"]
[EventType "swiss"]
[EventDate "2025.06.07"]

1. e4 {[%clk 01:30:59]} {[%emt 00:00:01]} e5 {[%clk 01:30:56]} {[%emt
00:00:04]} 2. Nf3 {[%clk 01:31:26]} {[%emt 00:00:03]} Nc6 {[%clk 01:31:17]}
{[%emt 00:00:09]} 3. Bc4 {[%clk 01:31:52]} {[%emt 00:00:05]} Bc5 {[%clk
01:31:41]} {[%emt 00:00:06]} 4. c3 {[%clk 01:32:11]} {[%emt 00:00:11]} Nf6
{[%clk 01:32:06]} {[%emt 00:00:04]} 5. d4 {[%clk 01:32:23]} {[%emt 00:00:18]}
exd4 {[%clk 01:32:25]} {[%emt 00:00:10]} 6. e5 {[%clk 01:32:42]} {[%emt
00:00:12]} Ng4 {[%clk 01:29:39]} {[%emt 00:03:15]} 7. cxd4 {[%clk 01:33:02]}
{[%emt 00:00:11]} Bb4+ {[%clk 01:29:46]} {[%emt 00:00:21]} 8. Nc3 {[%clk
01:33:28]} {[%emt 00:00:06]} d5 {[%clk 01:28:14]} {[%emt 00:02:01]} 9. Bb5
{[%clk 01:32:49]} {[%emt 00:01:10]} Be6 {[%clk 01:27:46]} {[%emt 00:00:55]} 10.
a3 {[%clk 01:31:18]} {[%emt 00:02:05]} Be7 {[%clk 01:27:57]} {[%emt 00:00:16]}
11. O-O {[%clk 01:30:20]} {[%emt 00:01:30]} Nh6 {[%clk 01:27:48]} {[%emt
00:00:37]} 12. Bxc6+ {[%clk 01:28:15]} {[%emt 00:02:37]} bxc6 {[%clk 01:28:06]}
{[%emt 00:00:13]} 13. b4 {[%clk 01:28:13]} {[%emt 00:00:31]} Nf5 {[%clk
01:28:16]} {[%emt 00:00:19]} 14. Bd2 {[%clk 01:24:55]} {[%emt 00:03:50]} Qd7
{[%clk 01:27:34]} {[%emt 00:01:07]} 15. Qe2 {[%clk 01:22:14]} {[%emt 00:03:15]}
O-O {[%clk 01:26:11]} {[%emt 00:01:53]} 16. Rfc1 {[%clk 01:20:36]} {[%emt
00:02:08]} a6 {[%clk 01:25:53]} {[%emt 00:00:49]} 17. Na4 {[%clk 01:16:47]}
{[%emt 00:04:18]} Rfb8 {[%clk 01:19:39]} {[%emt 00:06:36]} 18. Rc2 {[%clk
01:12:08]} {[%emt 00:05:16]} Qc8 {[%clk 01:03:01]} {[%emt 00:17:02]} 19. Nc5
{[%clk 00:49:48]} {[%emt 00:22:56]} Bxc5 {[%clk 01:03:13]} {[%emt 00:00:18]}
20. bxc5 {[%clk 00:48:39]} {[%emt 00:01:39]} Rb3 {[%clk 01:01:54]} {[%emt
00:01:45]} 21. Be3 {[%clk 00:46:50]} {[%emt 00:02:22]} Rab8 {[%clk 01:01:18]}
{[%emt 00:01:05]} 22. h3 {[%emt 00:20:23]} Nxe3 {[%clk 00:55:47]} {[%emt
00:03:19]} 23. fxe3 {[%clk 00:29:49]} {[%emt 00:00:21]} Bf5 {[%clk 00:53:46]}
{[%emt 00:02:29]} 24. Rca2 {[%clk 00:23:54]} {[%emt 00:06:28]} Bd3 {[%clk
00:49:40]} {[%emt 00:04:35]} 25. Qf2 {[%clk 00:22:48]} {[%emt 00:01:37]} Bc4
{[%clk 00:44:43]} {[%emt 00:05:26]} 26. Nd2 {[%clk 00:14:47]} {[%emt 00:08:32]}
Rb2 {[%clk 00:41:41]} {[%emt 00:03:31]} 27. Rxb2 {[%clk 00:15:09]} {[%emt
00:00:09]} Rxb2 {[%clk 00:41:50]} {[%emt 00:00:20]} 28. Rb1 {[%clk 00:14:12]}
{[%emt 00:01:28]} Rxb1+ {[%clk 00:37:32]} {[%emt 00:04:47]} 29. Nxb1 {[%clk
00:14:11]} {[%emt 00:00:32]} Qb7 {[%clk 00:37:49]} {[%emt 00:00:08]} 30. Qc2
{[%clk 00:05:18]} {[%emt 00:09:27]} Bb3 {[%clk 00:33:50]} {[%emt 00:04:29]} 31.
Qb2 {[%clk 00:03:49]} {[%emt 00:02:00]} a5 {[%clk 00:33:12]} {[%emt 00:01:06]}
32. Kf2 {[%clk 00:01:18]} {[%emt 00:03:02]} a4 {[%clk 00:33:02]} {[%emt
00:00:39]} 33. Ke1 {[%clk 00:00:55]} {[%emt 00:00:54]} Qb5 {[%clk 00:32:46]}
{[%emt 00:00:36]} 34. Nc3 {[%clk 00:00:33]} {[%emt 00:01:02]} Qd3 {[%clk
00:32:25]} {[%emt 00:00:51]} 35. Qd2 {[%clk 00:00:49]} {[%emt 00:00:15]} Qg6
{[%clk 00:32:40]} {[%emt 00:00:12]} 36. Qf2 {[%clk 00:00:38]} {[%emt 00:00:42]}
Kf8 {[%clk 00:32:43]} {[%emt 00:00:27]} 37. g4 {[%clk 00:00:33]} {[%emt
00:00:36]} Qh6 {[%clk 00:32:28]} {[%emt 00:00:45]} 38. Kf1 {[%clk 00:00:31]}
{[%emt 00:00:33]} Qxh3+ {[%clk 00:32:36]} {[%emt 00:00:20]} 39. Ke1 {[%clk
00:00:42]} {[%emt 00:00:20]} Qxg4 {[%clk 00:32:51]} {[%emt 00:00:15]} 40. Kf1
{[%clk 00:00:32]} {[%emt 00:00:40]} h5 {[%clk 00:33:00]} {[%emt 00:00:21]} 41.
Ne2 {[%clk 00:21:29]} {[%emt 00:09:34]} h4 {[%clk 00:56:08]} {[%emt 00:07:21]}
42. Nf4 {[%clk 00:19:35]} {[%emt 00:02:25]} h3 {[%clk 00:52:46]} {[%emt
00:03:49]} 43. Qh2 {[%clk 00:15:52]} {[%emt 00:04:16]} Qf3+ {[%clk 00:52:23]}
{[%emt 00:00:49]} 44. Qf2 {[%clk 00:14:53]} {[%emt 00:01:33]} Qd1+ {[%clk
00:52:19]} {[%emt 00:00:30]} 0-1

[Event "DEM U12 2025"]
[Site "Willingen GER"]
[Date "2025.06.12"]
[Round "7"]
[White "Tran, Nhat Nam"]
[Black "Betz, Niclas"]
[Result "0-1"]
[Termination "normal"]
[Board "31"]
[WhiteElo "1341"]
[BlackElo "1678"]
[WhiteClock "00:03:53"]
[BlackClock "01:14:46"]
[PlyCount "108"]
[WhiteFideId "34692193"]
[BlackFideId "34616748"]
[EventCountry "GER"]
[EventRounds "9"]
[EventType "swiss"]
[EventDate "2025.06.07"]

1. e4 {[%clk 01:30:57]} {[%emt 00:00:03]} e6 {[%clk 01:30:53]} {[%emt
00:00:07]} 2. d4 {[%clk 01:31:18]} {[%emt 00:00:08]} d5 {[%clk 01:31:18]}
{[%emt 00:00:05]} 3. exd5 {[%clk 01:31:36]} {[%emt 00:00:12]} exd5 {[%clk
01:31:36]} {[%emt 00:00:12]} 4. Bd3 {[%clk 01:31:54]} {[%emt 00:00:12]} Nf6
{[%clk 01:31:49]} {[%emt 00:00:17]} 5. Ne2 {[%clk 01:31:50]} {[%emt 00:00:33]}
Be7 {[%clk 01:32:03]} {[%emt 00:00:17]} 6. Bf4 {[%clk 01:30:42]} {[%emt
00:01:38]} O-O {[%clk 01:32:15]} {[%emt 00:00:18]} 7. O-O {[%clk 01:30:50]}
{[%emt 00:00:21]} b6 {[%clk 01:31:52]} {[%emt 00:00:54]} 8. c3 {[%clk
01:30:32]} {[%emt 00:00:48]} Bb7 {[%clk 01:31:19]} {[%emt 00:01:03]} 9. Ng3
{[%clk 01:28:41]} {[%emt 00:02:22]} c5 {[%clk 01:30:40]} {[%emt 00:01:09]} 10.
Nd2 {[%clk 01:24:58]} {[%emt 00:04:12]} Nc6 {[%clk 01:30:20]} {[%emt 00:00:50]}
11. Nf3 {[%clk 01:24:24]} {[%emt 00:01:04]} Rc8 {[%clk 01:27:55]} {[%emt
00:02:55]} 12. Bf5 {[%clk 01:21:20]} {[%emt 00:03:35]} Ra8 {[%clk 01:27:32]}
{[%emt 00:00:54]} 13. Re1 {[%clk 01:15:36]} {[%emt 00:06:13]} Bd6 {[%clk
01:27:27]} {[%emt 00:00:34]} 14. Qd2 {[%clk 00:58:28]} {[%emt 00:17:39]} Qc7
{[%clk 01:25:14]} {[%emt 00:02:44]} 15. Bh6 {[%clk 00:38:32]} {[%emt 00:20:26]}
Rfe8 {[%clk 01:15:21]} {[%emt 00:10:22]} 16. Bxg7 {[%clk 00:37:30]} {[%emt
00:01:33]} Bf4 {[%clk 01:15:43]} {[%emt 00:00:08]} 17. Qd3 {[%clk 00:23:01]}
{[%emt 00:14:58]} Kxg7 {[%clk 01:12:59]} {[%emt 00:03:15]} 18. Ne2 {[%clk
00:10:31]} {[%emt 00:12:59]} Bc8 {[%clk 01:10:19]} {[%emt 00:03:10]} 19. Bxc8
{[%clk 00:10:20]} {[%emt 00:00:41]} Raxc8 {[%clk 01:10:30]} {[%emt 00:00:19]}
20. Qf5 {[%clk 00:10:10]} {[%emt 00:00:40]} Bh6 {[%clk 01:09:29]} {[%emt
00:01:31]} 21. Ng5 {[%clk 00:09:05]} {[%emt 00:01:35]} Qd7 {[%clk 01:09:21]}
{[%emt 00:00:39]} 22. Qxd7 {[%clk 00:07:48]} {[%emt 00:01:46]} Nxd7 {[%clk
01:09:41]} {[%emt 00:00:11]} 23. Nf3 {[%clk 00:08:01]} {[%emt 00:00:16]} cxd4
{[%clk 01:08:14]} {[%emt 00:01:57]} 24. Nfxd4 {[%clk 00:08:03]} {[%emt
00:00:28]} Bd2 {[%clk 01:08:23]} {[%emt 00:00:22]} 25. Red1 {[%clk 00:07:50]}
{[%emt 00:00:42]} Nxd4 {[%clk 01:08:12]} {[%emt 00:00:42]} 26. Nxd4 {[%clk
00:07:47]} {[%emt 00:00:32]} Bf4 {[%clk 01:08:30]} {[%emt 00:00:11]} 27. Nf5+
{[%clk 00:06:33]} {[%emt 00:01:45]} Kf6 {[%clk 01:08:22]} {[%emt 00:00:38]} 28.
Rxd5 {[%clk 00:05:51]} {[%emt 00:01:12]} Nc5 {[%clk 01:07:43]} {[%emt
00:01:10]} 29. Nd4 {[%clk 00:04:27]} {[%emt 00:01:53]} Re5 {[%clk 01:07:49]}
{[%emt 00:00:24]} 30. Rxe5 {[%clk 00:03:17]} {[%emt 00:01:40]} Bxe5 {[%clk
01:08:05]} {[%emt 00:00:14]} 31. Kf1 {[%clk 00:01:09]} {[%emt 00:02:39]} Bxd4
{[%clk 01:08:30]} {[%emt 00:00:05]} 32. cxd4 {[%clk 00:01:08]} {[%emt
00:00:30]} Nd3 {[%clk 01:08:50]} {[%emt 00:00:10]} 33. b3 {[%clk 00:01:17]}
{[%emt 00:00:22]} Rc1+ {[%clk 01:09:15]} {[%emt 00:00:05]} 34. Rxc1 {[%clk
00:01:21]} {[%emt 00:00:26]} Nxc1 {[%clk 01:09:37]} {[%emt 00:00:07]} 35. g4
{[%clk 00:01:20]} {[%emt 00:00:31]} Nxa2 {[%clk 01:10:01]} {[%emt 00:00:07]}
36. Ke2 {[%clk 00:01:32]} {[%emt 00:00:17]} Ke6 {[%clk 01:10:14]} {[%emt
00:00:17]} 37. Ke3 {[%clk 00:01:31]} {[%emt 00:00:32]} Kd5 {[%clk 01:10:30]}
{[%emt 00:00:14]} 38. f4 {[%clk 00:01:37]} {[%emt 00:00:24]} Nb4 {[%clk
01:10:43]} {[%emt 00:00:17]} 39. f5 {[%clk 00:01:36]} {[%emt 00:00:30]} Nc2+
{[%clk 01:11:06]} {[%emt 00:00:07]} 40. Kf4 {[%clk 00:01:50]} {[%emt 00:00:16]}
Nxd4 {[%clk 01:11:31]} {[%emt 00:00:05]} 41. h4 {[%clk 00:01:55]} {[%emt
00:00:25]} Nxb3 {[%clk 01:11:15]} {[%emt 00:00:47]} 42. h5 {[%clk 00:02:06]}
{[%emt 00:00:17]} a5 {[%clk 01:11:32]} {[%emt 00:00:14]} 43. g5 {[%clk
00:02:22]} {[%emt 00:00:14]} Nd4 {[%clk 01:11:42]} {[%emt 00:00:20]} 44. g6
{[%clk 00:02:31]} {[%emt 00:00:21]} fxg6 {[%clk 01:11:41]} {[%emt 00:00:31]}
45. fxg6 {[%clk 00:02:39]} {[%emt 00:00:22]} hxg6 {[%clk 01:11:52]} {[%emt
00:00:19]} 46. hxg6 {[%clk 00:02:54]} {[%emt 00:00:15]} Ne6+ {[%clk 01:12:12]}
{[%emt 00:00:11]} 47. Kf5 {[%clk 00:02:50]} {[%emt 00:00:33]} a4 {[%clk
01:12:35]} {[%emt 00:00:07]} 48. Kf6 {[%clk 00:03:09]} {[%emt 00:00:10]} a3
{[%clk 01:12:59]} {[%emt 00:00:07]} 49. Kf7 {[%clk 00:03:31]} {[%emt 00:00:08]}
a2 {[%clk 01:13:20]} {[%emt 00:00:10]} 50. g7 {[%clk 00:03:16]} {[%emt
00:00:45]} Nxg7 {[%clk 01:13:43]} {[%emt 00:00:07]} 51. Kg6 {[%clk 00:03:25]}
{[%emt 00:00:21]} a1=Q {[%clk 01:14:03]} {[%emt 00:00:10]} 52. Kh7 {[%clk
00:03:30]} {[%emt 00:00:24]} Ne6 {[%clk 01:14:03]} {[%emt 00:00:30]} 53. Kh6
{[%clk 00:03:41]} {[%emt 00:00:19]} Qg7+ {[%clk 01:14:25]} {[%emt 00:00:08]}
54. Kh5 {[%clk 00:03:53]} {[%emt 00:00:17]} Qg5 {[%clk 01:14:46]} {[%emt
00:00:11]} 0-1

[Event "DEM U12 2025"]
[Site "Willingen GER"]
[Date "2025.06.12"]
[Round "7"]
[White "Hübner, Paul"]
[Black "Shneider, Illia"]
[Result "0-1"]
[Termination "normal"]
[Board "32"]
[WhiteElo "1849"]
[BlackElo "1799"]
[WhiteClock "00:30:43"]
[BlackClock "00:33:24"]
[PlyCount "118"]
[WhiteFideId "34684115"]
[BlackFideId "34166300"]
[EventCountry "GER"]
[EventRounds "9"]
[EventType "swiss"]
[EventDate "2025.06.07"]

1. d4 {[%clk 01:30:56]} {[%emt 00:00:03]} d5 {[%clk 01:30:56]} {[%emt
00:00:04]} 2. Nf3 {[%clk 01:30:58]} {[%emt 00:00:30]} Nf6 {[%clk 01:31:17]}
{[%emt 00:00:05]} 3. c3 {[%clk 01:31:22]} {[%emt 00:00:08]} e6 {[%clk
01:31:40]} {[%emt 00:00:07]} 4. Bf4 {[%clk 01:31:38]} {[%emt 00:00:14]} c5
{[%clk 01:31:58]} {[%emt 00:00:11]} 5. e3 {[%clk 01:31:54]} {[%emt 00:00:15]}
a6 {[%clk 01:32:17]} {[%emt 00:00:12]} 6. a4 {[%clk 01:31:44]} {[%emt
00:00:39]} Nbd7 {[%clk 01:32:14]} {[%emt 00:00:32]} 7. Bd3 {[%clk 01:31:09]}
{[%emt 00:01:05]} Be7 {[%clk 01:30:16]} {[%emt 00:02:29]} 8. h3 {[%clk
01:31:11]} {[%emt 00:00:28]} O-O {[%clk 01:30:19]} {[%emt 00:00:28]} 9. O-O
{[%clk 01:31:29]} {[%emt 00:00:12]} h6 {[%clk 01:28:28]} {[%emt 00:02:20]} 10.
Nbd2 {[%clk 01:31:18]} {[%emt 00:00:41]} b6 {[%clk 01:28:41]} {[%emt 00:00:17]}
11. Qe2 {[%clk 01:29:59]} {[%emt 00:01:48]} Bb7 {[%clk 01:28:40]} {[%emt
00:00:32]} 12. e4 {[%clk 01:29:53]} {[%emt 00:00:37]} dxe4 {[%clk 01:28:45]}
{[%emt 00:00:24]} 13. Nxe4 {[%clk 01:29:36]} {[%emt 00:00:46]} Nxe4 {[%clk
01:18:45]} {[%emt 00:10:31]} 14. Bxe4 {[%clk 01:29:42]} {[%emt 00:00:24]} Bxe4
{[%clk 01:19:05]} {[%emt 00:00:11]} 15. Qxe4 {[%clk 01:29:24]} {[%emt
00:00:48]} Nf6 {[%clk 01:19:13]} {[%emt 00:00:22]} 16. Qe2 {[%clk 01:25:28]}
{[%emt 00:04:24]} Bd6 {[%clk 01:19:01]} {[%emt 00:00:43]} 17. Be5 {[%clk
01:23:50]} {[%emt 00:02:09]} Qe7 {[%clk 01:17:32]} {[%emt 00:01:59]} 18. Rfd1
{[%clk 01:21:47]} {[%emt 00:02:33]} Rfd8 {[%clk 01:16:40]} {[%emt 00:01:22]}
19. Rd2 {[%clk 01:21:20]} {[%emt 00:00:58]} Bxe5 {[%clk 00:52:49]} {[%emt
00:24:21]} 20. Qxe5 {[%clk 01:17:50]} {[%emt 00:04:00]} Rd5 {[%clk 00:52:44]}
{[%emt 00:00:34]} 21. Qe2 {[%clk 01:16:57]} {[%emt 00:01:24]} Qb7 {[%emt
00:06:10]} 22. Rad1 {[%clk 01:14:06]} {[%emt 00:00:01]} Rad8 {[%clk 00:49:22]}
{[%emt 00:01:31]} 23. dxc5 {[%clk 01:11:06]} {[%emt 00:03:30]} bxc5 {[%clk
00:45:47]} {[%emt 00:04:05]} 24. Rxd5 {[%clk 01:09:05]} {[%emt 00:02:31]} Rxd5
{[%clk 00:46:02]} {[%emt 00:00:15]} 25. Rxd5 {[%clk 01:09:05]} {[%emt
00:00:31]} Nxd5 {[%clk 00:45:51]} {[%emt 00:00:41]} 26. Ne5 {[%clk 01:08:57]}
{[%emt 00:00:37]} Nf4 {[%clk 00:43:52]} {[%emt 00:02:30]} 27. Qf3 {[%clk
01:07:32]} {[%emt 00:01:55]} Qxf3 {[%clk 00:44:00]} {[%emt 00:00:22]} 28. Nxf3
{[%clk 01:07:36]} {[%emt 00:00:26]} Nd3 {[%clk 00:43:24]} {[%emt 00:01:05]} 29.
b3 {[%clk 01:06:47]} {[%emt 00:01:19]} Nc1 {[%clk 00:43:36]} {[%emt 00:00:17]}
30. b4 {[%clk 01:03:02]} {[%emt 00:04:15]} Ne2+ {[%clk 00:43:58]} {[%emt
00:00:08]} 31. Kf1 {[%clk 01:03:10]} {[%emt 00:00:22]} Nxc3 {[%clk 00:44:22]}
{[%emt 00:00:07]} 32. bxc5 {[%clk 01:03:20]} {[%emt 00:00:20]} Nxa4 {[%clk
00:44:46]} {[%emt 00:00:06]} 33. c6 {[%clk 01:02:47]} {[%emt 00:01:03]} Nb6
{[%clk 00:45:10]} {[%emt 00:00:05]} 34. Ke2 {[%clk 01:01:18]} {[%emt 00:01:58]}
Kf8 {[%clk 00:45:19]} {[%emt 00:00:22]} 35. Ne5 {[%clk 00:58:04]} {[%emt
00:03:44]} Ke7 {[%clk 00:45:12]} {[%emt 00:00:36]} 36. c7 {[%clk 00:54:27]}
{[%emt 00:04:07]} f6 {[%clk 00:43:02]} {[%emt 00:02:41]} 37. Nc4 {[%clk
00:54:40]} {[%emt 00:00:17]} Nc8 {[%clk 00:43:11]} {[%emt 00:00:21]} 38. Kd3
{[%clk 00:52:26]} {[%emt 00:02:42]} Kd7 {[%clk 00:43:33]} {[%emt 00:00:09]} 39.
Kd4 {[%clk 00:51:53]} {[%emt 00:01:04]} Kxc7 {[%clk 00:43:55]} {[%emt
00:00:07]} 40. Kc5 {[%clk 00:52:09]} {[%emt 00:00:12]} g6 {[%clk 00:39:56]}
{[%emt 00:04:32]} 41. f4 {[%clk 00:50:44]} {[%emt 00:01:55]} Ne7 {[%clk
00:39:36]} {[%emt 00:00:49]} 42. Nd6 {[%clk 00:50:04]} {[%emt 00:01:10]} Nd5
{[%clk 00:39:01]} {[%emt 00:01:04]} 43. g3 {[%clk 00:49:32]} {[%emt 00:01:02]}
Kd7 {[%clk 00:38:48]} {[%emt 00:00:45]} 44. Nc4 {[%clk 00:48:00]} {[%emt
00:02:01]} h5 {[%clk 00:38:18]} {[%emt 00:01:00]} 45. h4 {[%clk 00:47:24]}
{[%emt 00:01:06]} Ke7 {[%clk 00:37:08]} {[%emt 00:01:40]} 46. Kc6 {[%clk
00:46:18]} {[%emt 00:01:35]} Nc3 {[%clk 00:36:38]} {[%emt 00:01:02]} 47. Nd2
{[%clk 00:43:17]} {[%emt 00:03:30]} e5 {[%clk 00:34:35]} {[%emt 00:02:34]} 48.
fxe5 {[%clk 00:42:44]} {[%emt 00:01:03]} fxe5 {[%clk 00:35:00]} {[%emt
00:00:04]} 49. Kb6 {[%clk 00:41:57]} {[%emt 00:01:18]} e4 {[%clk 00:35:14]}
{[%emt 00:00:16]} 50. Kxa6 {[%clk 00:41:53]} {[%emt 00:00:33]} e3 {[%clk
00:35:38]} {[%emt 00:00:07]} 51. Nf3 {[%clk 00:41:52]} {[%emt 00:00:30]} Ne4
{[%clk 00:35:55]} {[%emt 00:00:14]} 52. Kb5 {[%clk 00:41:06]} {[%emt 00:01:08]}
Nxg3 {[%clk 00:36:11]} {[%emt 00:00:22]} 53. Kc4 {[%clk 00:40:05]} {[%emt
00:01:28]} Kf6 {[%clk 00:36:01]} {[%emt 00:00:43]} 54. Kd3 {[%clk 00:38:50]}
{[%emt 00:01:41]} Nf5 {[%clk 00:36:20]} {[%emt 00:00:15]} 55. Ke2 {[%clk
00:35:38]} {[%emt 00:03:40]} Ke6 {[%clk 00:36:34]} {[%emt 00:00:17]} 56. Ng5+
{[%clk 00:34:20]} {[%emt 00:01:48]} Kd5 {[%clk 00:32:58]} {[%emt 00:04:07]} 57.
Kd3 {[%clk 00:33:33]} {[%emt 00:01:17]} Ke5 {[%clk 00:32:50]} {[%emt 00:00:39]}
58. Ke2 {[%clk 00:31:00]} {[%emt 00:03:02]} Kf4 {[%clk 00:33:03]} {[%emt
00:00:16]} 59. Nf3 {[%clk 00:30:43]} {[%emt 00:00:47]} Ng3+ {[%clk 00:33:24]}
{[%emt 00:00:10]} 0-1

[Event "DEM U12 2025"]
[Site "Willingen GER"]
[Date "2025.06.12"]
[Round "7"]
[White "Gusev, Daniil"]
[Black "Varazi, Maxime"]
[Result "1-0"]
[Termination "normal"]
[Board "33"]
[WhiteElo "1890"]
[BlackElo "1775"]
[WhiteClock "00:25:15"]
[BlackClock "00:30:29"]
[PlyCount "55"]
[WhiteFideId "55683886"]
[BlackFideId "34618929"]
[EventCountry "GER"]
[EventRounds "9"]
[EventType "swiss"]
[EventDate "2025.06.07"]

1. e4 {[%clk 01:30:58]} {[%emt 00:00:02]} e5 {[%clk 01:30:54]} {[%emt
00:00:06]} 2. Nf3 {[%clk 01:31:24]} {[%emt 00:00:03]} Nc6 {[%clk 01:31:12]}
{[%emt 00:00:12]} 3. Bb5 {[%clk 01:31:51]} {[%emt 00:00:04]} a6 {[%clk
01:31:36]} {[%emt 00:00:06]} 4. Ba4 {[%clk 01:32:17]} {[%emt 00:00:04]} Nf6
{[%clk 01:32:00]} {[%emt 00:00:06]} 5. O-O {[%clk 01:32:42]} {[%emt 00:00:06]}
b5 {[%clk 01:32:26]} {[%emt 00:00:05]} 6. Bb3 {[%clk 01:33:09]} {[%emt
00:00:03]} Bc5 {[%clk 01:32:48]} {[%emt 00:00:07]} 7. c3 {[%clk 01:33:26]}
{[%emt 00:00:13]} d6 {[%clk 01:33:12]} {[%emt 00:00:06]} 8. a4 {[%clk
01:32:42]} {[%emt 00:01:14]} Rb8 {[%clk 01:33:24]} {[%emt 00:00:17]} 9. h3
{[%clk 01:31:27]} {[%emt 00:01:46]} O-O {[%clk 01:31:29]} {[%emt 00:02:25]} 10.
d4 {[%clk 01:31:37]} {[%emt 00:00:20]} Bb6 {[%clk 01:31:41]} {[%emt 00:00:17]}
11. Be3 {[%clk 01:30:18]} {[%emt 00:01:49]} Qe7 {[%clk 01:25:15]} {[%emt
00:06:56]} 12. Nbd2 {[%clk 01:25:30]} {[%emt 00:05:18]} exd4 {[%clk 01:23:55]}
{[%emt 00:01:50]} 13. cxd4 {[%clk 01:25:44]} {[%emt 00:00:16]} Nb4 {[%clk
01:12:45]} {[%emt 00:11:40]} 14. a5 {[%clk 01:23:54]} {[%emt 00:02:21]} Ba7
{[%clk 01:12:55]} {[%emt 00:00:20]} 15. e5 {[%clk 01:22:25]} {[%emt 00:01:59]}
Nfd5 {[%clk 01:10:39]} {[%emt 00:02:45]} 16. Bg5 {[%clk 01:22:35]} {[%emt
00:00:21]} Qd7 {[%clk 01:10:29]} {[%emt 00:00:39]} 17. Ne4 {[%clk 01:20:54]}
{[%emt 00:02:11]} Bb7 {[%clk 01:08:52]} {[%emt 00:02:07]} 18. Re1 {[%clk
01:19:20]} {[%emt 00:02:04]} Rfe8 {[%clk 01:06:52]} {[%emt 00:02:29]} 19. Qd2
{[%clk 01:17:26]} {[%emt 00:02:26]} Re6 {[%clk 00:58:18]} {[%emt 00:09:03]} 20.
Bh4 {[%clk 00:46:25]} {[%emt 00:31:32]} Rbe8 {[%clk 00:55:40]} {[%emt
00:03:08]} 21. Bg3 {[%clk 00:43:19]} {[%emt 00:03:35]} h6 {[%emt 00:06:29]} 22.
Rac1 {[%clk 00:36:16]} {[%emt 00:07:31]} Kh8 {[%clk 00:38:04]} {[%emt
00:12:10]} 23. exd6 {[%clk 00:27:35]} {[%emt 00:09:11]} Rxe4 {[%clk 00:35:34]}
{[%emt 00:03:00]} 24. Ne5 {[%clk 00:27:26]} {[%emt 00:00:38]} R8xe5 {[%clk
00:31:11]} {[%emt 00:04:53]} 25. Bxe5 {[%clk 00:24:06]} {[%emt 00:03:50]} Rxe1+
{[%clk 00:31:00]} {[%emt 00:00:41]} 26. Rxe1 {[%clk 00:24:28]} {[%emt
00:00:09]} cxd6 {[%clk 00:31:25]} {[%emt 00:00:04]} 27. Qxh6+ {[%clk 00:24:51]}
{[%emt 00:00:07]} Kg8 {[%clk 00:30:29]} {[%emt 00:01:27]} 28. Qxg7# {[%clk
00:25:15]} {[%emt 00:00:06]} 1-0

[Event "DEM U12 2025"]
[Site "Willingen GER"]
[Date "2025.06.14"]
[Round "9"]
[White "Shen, Tingrui"]
[Black "Nezhyvenko, Mykhaylo"]
[Result "1/2-1/2"]
[Termination "normal"]
[Board "1"]
[WhiteElo "2101"]
[BlackElo "2165"]
[WhiteClock "00:03:12"]
[BlackClock "00:13:17"]
[PlyCount "56"]
[WhiteFideId "34603441"]
[BlackFideId "34139885"]
[EventCountry "GER"]
[EventRounds "9"]
[EventType "swiss"]
[EventDate "2025.06.07"]

1. Nf3 {[%clk 01:30:54]} {[%emt 00:00:05]} d5 {[%clk 01:30:33]} {[%emt
00:00:28]} 2. g3 {[%clk 01:29:55]} {[%emt 00:01:29]} c5 {[%clk 01:30:22]}
{[%emt 00:00:42]} 3. Bg2 {[%clk 01:29:44]} {[%emt 00:00:41]} Nc6 {[%clk
01:30:30]} {[%emt 00:00:21]} 4. d4 {[%clk 01:30:03]} {[%emt 00:00:10]} Nf6
{[%clk 01:30:30]} {[%emt 00:00:30]} 5. O-O {[%clk 01:30:21]} {[%emt 00:00:13]}
e6 {[%clk 01:30:30]} {[%emt 00:00:30]} 6. c4 {[%clk 01:30:19]} {[%emt
00:00:32]} dxc4 {[%clk 01:30:30]} {[%emt 00:00:30]} 7. dxc5 {[%clk 01:30:20]}
{[%emt 00:00:29]} Qxd1 {[%clk 01:30:30]} {[%emt 00:00:31]} 8. Rxd1 {[%clk
01:30:38]} {[%emt 00:00:12]} Bxc5 {[%clk 01:30:30]} {[%emt 00:00:29]} 9. Nbd2
{[%clk 01:30:46]} {[%emt 00:00:22]} c3 {[%clk 01:30:30]} {[%emt 00:00:29]} 10.
bxc3 {[%clk 01:31:04]} {[%emt 00:00:13]} O-O {[%clk 01:30:30]} {[%emt
00:00:31]} 11. Nb3 {[%clk 01:30:33]} {[%emt 00:01:01]} Be7 {[%clk 01:30:30]}
{[%emt 00:00:29]} 12. Nfd4 {[%clk 01:29:58]} {[%emt 00:01:06]} Rd8 {[%clk
01:14:53]} {[%emt 00:16:07]} 13. Bg5 {[%clk 01:00:50]} {[%emt 00:29:38]} Bd7
{[%clk 01:08:48]} {[%emt 00:06:35]} 14. Nxc6 {[%clk 00:30:22]} {[%emt
00:30:58]} Bxc6 {[%clk 01:07:52]} {[%emt 00:01:25]} 15. Bxc6 {[%clk 00:30:32]}
{[%emt 00:00:20]} bxc6 {[%clk 01:01:12]} {[%emt 00:07:10]} 16. c4 {[%clk
00:29:27]} {[%emt 00:01:33]} h6 {[%clk 00:56:02]} {[%emt 00:05:42]} 17. Be3
{[%clk 00:25:58]} {[%emt 00:03:58]} Rxd1+ {[%clk 00:44:02]} {[%emt 00:12:32]}
18. Rxd1 {[%clk 00:26:15]} {[%emt 00:00:12]} Ng4 {[%clk 00:43:33]} {[%emt
00:01:00]} 19. Bf4 {[%clk 00:21:53]} {[%emt 00:04:50]} e5 {[%clk 00:40:00]}
{[%emt 00:04:04]} 20. Rd7 {[%clk 00:09:02]} {[%emt 00:13:21]} Bd8 {[%clk
00:38:08]} {[%emt 00:02:23]} 21. Bd2 {[%clk 00:04:58]} {[%emt 00:04:33]} Nf6
{[%clk 00:37:54]} {[%emt 00:00:44]} 22. Rb7 {[%clk 00:04:20]} {[%emt 00:01:08]}
Ne4 {[%clk 00:33:50]} {[%emt 00:04:33]} 23. Ba5 {[%clk 00:04:03]} {[%emt
00:00:48]} Bxa5 {[%clk 00:14:36]} {[%emt 00:19:44]} 24. Nxa5 {[%emt 00:01:55]}
Rc8 {[%clk 00:14:37]} 25. Rxa7 {[%clk 00:03:11]} {[%emt 00:00:25]} Nc3 {[%clk
00:15:03]} {[%emt 00:00:04]} 26. e3 {[%clk 00:03:15]} {[%emt 00:00:26]} Nxa2
{[%clk 00:15:12]} {[%emt 00:00:21]} 27. c5 {[%clk 00:03:12]} {[%emt 00:00:33]}
Nb4 {[%clk 00:13:17]} {[%emt 00:02:26]} 28. Kg2 {[%emt 00:03:19]} Nd3 {[%emt
00:00:02]} 1/2-1/2